Statistics for 3 Largest cities: UK,US,Germany,France &Italy:begin with L

Click here to take the quiz!

General Stats

  • This quiz has been taken 144 times
  • The average score is 9 of 15

Answer Stats

HintAnswer% Correct
UKLondon
93%
FranceLyon
90%
UKLiverpool
85%
USALos Angeles
85%
UKLeeds
80%
FranceLille
72%
USALas Vegas
68%
GermanyLeipzig
67%
ItalyLivorno
49%
USALouisville
35%
GermanyLübeck
34%
FranceLe Havre
33%
ItalyLecce
31%
ItalyLatina
17%
GermanyLudwigshafen am Rhein
12%

Score Distribution

Percentile by Number Answered

Percent of People with Each Score

Your Score History

You have not taken this quiz